Marvel Characters - Statistics

General Stats
  • This quiz has been taken 11 times
  • The average score is 20 of 204
Answer Stats
Real Name/Occupation Name % Correct
Scott Lang Ant-Man
70%
T'Challa Black Panther
70%
Natasha Romanova Black Widow
60%
Bruce Banner Hulk
60%
Steve Rogers Captain America
50%
Tony Star Iron Man
50%
Nathaniel Richards Kang
50%
Peter Parker Spiderman
50%
Got of War Ares
40%
Helmut Zemo Baron Zemo
40%
Victor Von Doom Dr. Doom
40%
Sam Wilson Falcon
40%
Clinton "Clint" Bart Hawkeye
40%
Loki Laufeyson Loki
40%
Thor Odinson Thor
40%
Henry "Hank" McCoy Beast
30%
Blakagar Boltagon Black Bolt
30%
Stephen Strange Dr. Strange
30%
Hercules Hercules
30%
Jim Hammond Human Torch
30%
Susan Storm Richards Invisible Woman
30%
Ulysses Klaw Klaw
30%
Dog Lockjaw
30%
Marc Spector Moon Knight
30%
Reed Richards Mr. Fantastic
30%
Nicholas Joseph Fury Nick Fury
30%
Johann Schmidt Red Skull
30%
Wanda Maximoff Scarlet Witch
30%
Conquerer Thanos
30%
Mac Gargan Venom
30%
Vision Vision
30%
Mar-Vell Captain Marvel
20%
Corystalia Amaqulin Maximoff Crystal
20%
Matthew Murdock Daredevil
20%
Maxwell Dillon Electro
20%
Elektra Natchios Elektra
20%
Amora Enchantress
20%
Galen Galactus
20%
Norman Osborn Iron Patriot
20%
Jessica Jones Jessica Jones
20%
Lord Kevin Plunder Ka-Zar
20%
Erik Lehnsherr Magneto
20%
Maria Hill Maria Hill
20%
Medusa Boltagon Medusa
20%
Pietro Maximoff Quicksilver
20%
Ronan Ronan
20%
Clint Barton Ronin
20%
Jennifer Walters She-Hulk
20%
Norrin Radd Silver Surfer
20%
Jessica Drew Spider-Woman
20%
Ruler of Phalanx Ultron
20%
James Rhodes War Machine
20%
Janet Van Dyne Wasp
20%
James Howlett Wolverine
20%
Amadeus Cho Amadeus Cho
10%
Conqueror Annihilus
10%
Ashley Crawford Big Bertha
10%
Dane Whitman Black Knight
10%
Ruler of the Dark Dimension Dormammu
10%
Skurge Executioner
10%
Val Ventura Flatman
10%
Henry "Hank" Pym Giant-Man
10%
Eric Williams Grim Reaper
10%
Theodore Altman Hulkling
10%
Daniel Thomas Rand-K'ai Iron Fist
10%
Edwin Jarvis Jarvis
10%
Jocasta Jocasta
10%
Vance Astrovik Justice
10%
Maximus Maximus
10%
Lord of a Realm of Hell Mephisto
10%
Barbara Morse Mockingbird
10%
Morgan Le Fay Morgan Le Fay
10%
Carol Danvers Ms. Marvel
10%
Pirate, mercenary Nebula
10%
Elijah "Eli" Bradley Patriot
10%
Erik Stephan Josten Power Man
10%
Alexei Shostakov Red Guardian
10%
William Baker Sandman
10%
Robert Reynolds Sentry
10%
Sersi Sersi
10%
Jacques Duquesne Swordsman
10%
Mercenary, drill instructor Taskmaster
10%
Greer Nelson Tigra
10%
John F. Walker U.S. Agent
10%
Simon Williams Wonder Man
10%
Yondu Udonta Yondu
10%
Delroy Garrett 3-D Man
0%
Julia Carpenter Arachne
0%
Ruler Arkon
0%
Chieftan Attuma
0%
Werner Von Blitzschlag Baron Von Blitzchlag
0%
Ruler of the Negative Zone Blastaar
0%
Sean Dolan Bloodwraith
0%
Lester Bullseye
0%
Adventurer Charlie-27
0%
Abigail "Abby" Boylen Cloud 9
0%
Count Luchino Nefaria Count Nefaria
0%
Anton Vanko Crimson Dynamo
0%
Daken Akihiro Daken
0%
Cal'syee Neramani Deathbird
0%
Warrior Deathcry
0%
Dennis Dunphy Demolition Man
0%
Rachel Leighton Diamondback
0%
Adventurer Dinah Soar
0%
DeMarr Davis Doorman
0%
N/A Dragon Man
0%
Anthony Ludgate Druid Dr. Druid
0%
Jericho Drumm Dr. Voodoo
0%
Timothy Dugan Dum Dum Dugan
0%
Maya Lopez Echo
0%
Elihas Starr Egghead
0%
Bennet Du Paris Exodus
0%
Bonita Juarez Firebird
0%
Pyreus Kril Firelord
0%
Angelica Jones Firestar
0%
Joseph Green Gauntlet
0%
Genis-Vell Genis-Vell
0%
Warrior, adventurer, monster-slayer Gilgamesh
0%
En Dwi Gast Grandmaster
0%
Franklin Hall Graviton
0%
Greg Willis Gravity
0%
Paul Pierce Duval Grey Gargoyle
0%
Roger Brokeridge Hardball
0%
Katherine Bishop Hawkeye II
0%
Patricia Hellstrom Hellcat
0%
Henry Peter Gyrich Henry Peter Gyrich
0%
Herbert Wyndham High Evolutionary
0%
Parker Robinson Hood
0%
Ruler of Limbo Immortus
0%
Nathaniel Richards Iron Lad
0%
Jonathan Hart Jack of Hearts
0%
Melati Kusuma Komodo
0%
Michael Korvac Korvac
0%
Kelsey Leigh Lionheart
0%
Arthur Parks Living Laser
0%
Miguel Santos Living Lightning
0%
Carl Lucas Luke Cage
0%
X-51/Aaron Stack Machine Man
0%
Countess Giuletta Nefaria Madame Masque
0%
Criminal Mastermind Mad Thinker
0%
Vance Atro Major Victory
0%
M'Baku Man Ape
0%
Adventurer Mantis
0%
Marrina Smallwood McKenzie Marrina
0%
Martinex T'Naga Martinex
0%
Noh-Varr Marvel Boy
0%
Martin Preston Master Pandemonium
0%
Bruno Horgan Melter
0%
Owen Reece Molecule Man
0%
Harvey Elder Mole Man
0%
Heather Douglas Moondragon
0%
Karla Sofen Moonstone
0%
Sir Mordred Mordred The Evil
0%
Calvin Zabo Mr. Hyde
0%
Craig Hollis Mr. Immortal
0%
Michael Van Patrick MVP
0%
Nicholette Gold Nikki
0%
Would-be destroyer Onslaught
0%
Agent of Jonathan Tremont Pagan
0%
Robert Baldwin Penance
0%
Monica Rambeau Photon
0%
Leader of the Gatherers Proctor
0%
Psyklop Psyklop
0%
Wendell Vaughn Quasar
0%
Chen Lu Radioactive Man
0%
Elvin Haliday Rage
0%
William Talltrees Red Wolf
0%
Rick Jones Rick Jones
0%
Karl Lykos Sauron
0%
Shanna Plunder Shanna
0%
Herman Schultz Shocker
0%
Lupe Santiago Silverclaw
0%
Kenuichio Harada Silver Samurai
0%
Melissa Gold Songbird
0%
Servant Space Phantom
0%
Tommy Shepard Speed
0%
Doreen Green Squirrel Girl
0%
Eros Starfox
0%
Stakar Ogord Starhawk
0%
Cassie Lang Stature
0%
Walter Newell Stingray
0%
Scientist Stranger
0%
Namor McKenzie Sub-Mariner
0%
Ex-Leader of the Kree Supreme Intelligence
0%
Ravonna Renslayer Terminatrix
0%
Taneleer Tivan The Collector
0%
Tarene Thor Girl
0%
Eric Masterson Thunderstrike
0%
Thundra Thundra
0%
Todd Arliss Tiger Shark
0%
Mary MacPherran Titania
0%
Boris Bullski Titanium Man
0%
Terrance Ward Trauma
0%
Matt Hawk Two-Gun Kid
0%
Suzy Sherman Ultragirl
0%
Brunnhilde/Samantha Parrington Valkyrie
0%
Queen Veranke
0%
Victoria Hand Victoria Hand
0%
Adam Warlock Warlock
0%
Hank Pym Wasp II
0%
Robert Frank Whizzer
0%
Billy Kaplan Wiccan
0%
Bentley Wittman Wizard
0%
Criti Noll Yellowjacket
0%
No matching quizzes found
Score Distribution
Percent of People with Each Score
Percentile by Number Answered
Your Score History
You have not taken this quiz